Actividades económicas reguladas: teoría y caos. Energía. Banca. Bolsa de Valores. Telecomunicaciones. Televisión. Aguas. Pesquerías. Bosque nativo. Transporte urbano de pasajeros. Cabotaje. Construcción y Alcantarillado

Uloženo v:
Podrobná bibliografie
Hlavní autor: Aimone Gibson, Enrique (autor)
Médium: Kniha
Jazyk:španělština
Vydáno: Santiago Legal Publishing 2013
Vydání:1a. ed
Edice:Colección Ensayos Jurídicos
Témata:
Tagy: Přidat tag
Žádné tagy, Buďte první, kdo vytvoří štítek k tomuto záznamu!

MARC

LEADER 00000cam a2200000 a 4500
001 UCE1615
003 CL-VaPUC
008 140502e20130000cl |||||||||||||||||spa|d
020 |a 9789563464528 
082 0 4 |a 346.07  |b AIM  |2 21 
100 |a Aimone Gibson, Enrique  |e autor  |9 336 
245 1 0 |a Actividades económicas reguladas: teoría y caos. Energía. Banca. Bolsa de Valores. Telecomunicaciones. Televisión. Aguas. Pesquerías. Bosque nativo. Transporte urbano de pasajeros. Cabotaje. Construcción y Alcantarillado 
250 |a 1a. ed 
300 |a 256 p 
942 |c BK 
945 |d 20140502 10:02:00  |a dcastane 
260 |a Santiago  |b Legal Publishing  |c 2013 
650 0 |a Derecho comercial   |9 256340 
650 0 |a Actividad económica   |9 404494 
650 0 |a Derecho y legislación   |9 255077 
583 |a last modification  |c 20140502 10:02:00  |k Rodrigo Vera 
490 0 |a Colección Ensayos Jurídicos 
999 |c 355355  |d 355353 
952 |0 0  |1 0  |3 erb  |4 0  |6 346_070000000000000_AIM_2013  |7 0  |8 A  |9 462050  |a BIBDER  |b BIBDER  |i 5073669  |l 1  |o 346.07 AIM 2013  |p 5073669  |r 2023-01-25  |s 2022-06-29  |w 2019-11-23  |y BK  |z Catalogado en:20140502  |k DER 
952 |0 0  |1 0  |3 erb  |4 0  |6 346_070000000000000_AIM_2013  |7 0  |8 A  |9 462051  |a BIBDER  |b BIBDER  |i 5117631  |o 346.07 AIM 2013  |p 5117631  |r 2023-01-25  |w 2019-11-23  |y BK  |z Catalogado en:20141003  |k DER